02087cam a22003255a 45000010009000000050017000090080041000260100017000670200038000840200035001220350024001570400057001810430012002380820025002502450110002752460085003852600060004703000035005305000024005655040032005895200758006216500052013796510052014316530033014836500050015167000024015669420008015909990017015989520146016151736571520161012132140.0120628t2012 coua frb 001 0 eng d a 2012021783 a9781588268785 (pbk. : alk. paper) a1588268780 (pbk. : alk. paper) a(OCoLC)ocn798110327 aDLCbengcDLCdYDXdOCLCOdYDXCPdBDXdDLCdEG-ScBUE ama-----04a320.9174927bBEY22200aBeyond the Arab spring :bauthoritarianism & democratization in the Arab world /cRex Brynen ... [et al.]3 aBeyond the Arab spring :bauthoritarianism and democratization in the Arab world aBoulder ;aLondon :bLynne Rienner Publishers,cc.2012. aviii, 349 p. :bill. ;c24 cm. aIndex : p. 333-347. aBibliography : p. 307-329.  aFor years the authoritarian regimes of the Arab world displayed remarkable persistence. Then, beginning in December 2010, much of the region underwent rapid and remarkable political change. This volume explores the precursors, nature, and trajectory of the dynamics unleashed by the Arab Spring. The authors focus on the complex forces that have sustained authoritarianism in the region, as well as the roots of popular mobilization and regime overthrow. They also examine the possibilities for democratic reform -- and, where it has occurred, relapse. Their work offers a comprehensive assessment, at once sophisticated and accessible, of current developments and trends in the countries of the Arab Middle East and North Africa--Publisher description. 0aAuthoritarianismzArab countries.2BUEsh932304 0aArab countriesxPolitics and government.2BUEsh bLLAAWWbBUSBOLcAugust 2016  0911822aDemocratizationzArab countries2BUEsh1 aBrynen, Rex.940577 2ddc c22087d22059 00102ddc40708BaccahaMAINbMAINc1STd2016-08-01ePurchaseg434.00h26102l0o320.9174927 BEYp000033074r2025-07-15 00:00:00v543.00yBB